How can fiscal policy help avert currency crises?

Guardado en:
Detalles Bibliográficos
Autor principal: Kopits, George
Formato: Libro
Lenguaje:inglés
Publicado: Washington International Monetary Fund 2000
Colección:IMF Working Paper WP/00/185
Materias:
Etiquetas: Agregar Etiqueta
Sin Etiquetas, Sea el primero en etiquetar este registro!

MARC

LEADER 00000nam a2200000 4500
001 c124451
005 20221221082550.5
041 0 |a eng 
044 |a US 
245 1 0 |a How can fiscal policy help avert currency crises?  |c George Kopits 
264 1 |a Washington  |b International Monetary Fund  |c 2000 
300 |a 15 s. 
490 1 |a IMF Working Paper  |v WP/00/185 
830 0 |a IMF Working Paper  |v WP/00/185 
610 2 0 |a kríza menová 
610 2 0 |a politika finančná 
610 2 0 |a politika fiškálna 
100 1 |a Kopits, George